000 00872nas a2200277 4500
001 BR8402243
003 BR-BrBNA
005 20231205085908.0
007 ta
008 230509b bl.|||p| |||| 00| 00por d
040 _aBR-BrBNA
_bpor
_cBiblioteca Nacional de Agricultura
041 _a(Pt)
072 _aQ10
100 1 _aNader Filho, A.
100 1 _aSchocken-Iturrino, R.P.
100 1 _aRossi Junior, D.D.
100 1 _aCavagliano, C.P.G.
245 1 _aEstudo da variacao do ponto crioscopico do leite de bufala
246 1 _aStudy on buffalo's milk cryoscopic point variation
650 _aLEITE
650 _aBUFALO
650 _aCRIOSCOPIA
773 0 _tRevista do Instituto de Laticinios Candido Tostes (Brazil)
_xISSN 0100-3674
_g(Jul-Aug 1984), v. 39(234) p. 37-39
_wBR8402243
909 _a202311
_bLúcia
_c55
_dLúcia Elande
942 _2AGRIS
_n0
_cANA
999 _c114598
_d114598